|
|
|
|
| LEADER |
00000nkmaa2200000 a 4500 |
| 001 |
vtls011914839 |
| 003 |
SK-MaSNL |
| 005 |
20260301225306.0 |
| 007 |
kj bo |
| 008 |
230802n xx | |||0 k|slo |
| 035 |
|
|
|a 5A17DE08-5D3E-46CB-857A-71F51DF224D5
|
| 035 |
|
|
|a urn:nbn:sk:snk-km43i39
|
| 035 |
|
|
|a urn:nbn:sk:snk-km00e7so
|
| 040 |
|
|
|a SNKLA
|b slo
|c SNKLA
|e AACR2
|
| 041 |
0 |
|
|a slo
|
| 044 |
|
|
|a xx
|
| 245 |
0 |
0 |
|a [Lichard, Daniel Gabriel]
|h grafika
|
| 260 |
|
|
|a [S.l.
|b s.n.
|c s.a.]
|
| 300 |
|
|
|a 1 litografia
|b čiernobiela
|c 13 x 9 cm ovál
|
| 520 |
2 |
|
|a Zobrazenie: Podobizeň osvetového pracovníka, redaktora, publicistu, vydavateľa, učiteľa, evanjelického kňaza Daniela Gabriela Licharda (17.1.1812 Slovenská Ľupča - 17.11.1882 Skalica). Litografia.
|
| 600 |
1 |
7 |
|a Lichard, Daniel Gabriel,
|d 1812-1882
|2 SNKMA
|9 10856
|
| 655 |
|
7 |
|a litografie
|2 SNKPH
|9 338234
|
| 852 |
7 |
|
|a Slovenská národná knižnica v Martine
|b Literárny archív
|
| 958 |
|
|
|a ZO
|
| 958 |
|
|
|a BLA
|
| 999 |
|
|
|c 950365
|d 952295
|
| 952 |
|
|
|a SNKLA
|b SNKLA
|c SNKLA_DEP
|y NEVYP
|7 0
|p 17A1310683
|o snkSL 29/3
|0 0
|1 0
|4 0
|d 2020-02-03
|f 1
|l 0
|r 2026-02-24 09:46:31
|w 2026-02-24
|